LEADER 01626oam 2200505I 450 001 9910799988103321 005 20230803023351.0 010 $a1-315-06249-6 010 $a1-135-94178-5 024 7 $a10.4324/9781315062495 035 $a(CKB)2550000001262855 035 $a(EBL)1666754 035 $a(SSID)ssj0001215366 035 $a(PQKBManifestationID)11674733 035 $a(PQKBTitleCode)TC0001215366 035 $a(PQKBWorkID)11175396 035 $a(PQKB)11339808 035 $a(MiAaPQ)EBC1666754 035 $a(OCoLC)958107868 035 $a(EXLCZ)992550000001262855 100 $a20180706e20131998 uy 0 101 0 $aeng 135 $aur|n|---||||| 181 $ctxt 182 $cc 183 $acr 200 10$aDictionary of chemistry /$fAndrew Hunt ; series editor Ian Marcouse 210 1$aLondon ;$aNew York :$cRoutledge,$d2013. 215 $a1 online resource (372 p.) 300 $aFirst published 1998 by Hodder and Stoughton Educational. 311 $a1-57958-140-4 311 $a1-306-57963-5 327 $aCover; Half Title; Title Page; Copyright Page; PREFACE; ACKNOWLEDGMENTS; A; B; C; D; E; F; G; H; I; J; K; L; M; N; O; P; Q; R; S; T; U; V; W; X; Y; Z 330 $aFirst Published in 1999. Routledge is an imprint of Taylor & Francis, an informa company. 606 $aChemistry$vDictionaries 615 0$aChemistry 676 $a540.3 700 $aHunt$b Andrew.$01588256 801 0$bMiAaPQ 801 1$bMiAaPQ 801 2$bMiAaPQ 906 $aBOOK 912 $a9910799988103321 996 $aDictionary of chemistry$93877614 997 $aUNINA LEADER 02111nam0 22005053i 450 001 VAN00298438 005 20251104024350.566 017 70$2N$a9781461333357 100 $a20250918d1998 |0itac50 ba 101 $aeng 102 $aNL 105 $a|||| ||||| 181 $ai$b e 182 $ab 183 $acr 200 1 $aAdvances in Nonlinear Programming$eProceedings of the 96 International Conference on Nonlinear Programming$fedited by Ya-xiang Yuan 210 $aDordrecht [etc.]$cKluwer$d1998 215 $axiii, 351 p.$d24 cm 410 1$1001VAN00050060$12001 $aApplied optimization$1210 $aDordrecht$cKluwer$v14 606 $a00B25$xProceedings of conferences of miscellaneous specific interest [MSC 2020]$3VANC020732$2MF 606 $a49-XX$xCalculus of variations and optimal control; optimization [MSC 2020]$3VANC019757$2MF 606 $a90-XX$xOperations research, mathematical programming [MSC 2020]$3VANC025650$2MF 606 $a90C30$xNonlinear programming [MSC 2020]$3VANC023183$2MF 610 $aAlgorithms$9KW:K 610 $aApproximations$9KW:K 610 $aComputers$9KW:K 610 $aDerivatives$9KW:K 610 $aInequalities$9KW:K 610 $aLinear optimization$9KW:K 610 $aMathematics$9KW:K 610 $aNetworks$9KW:K 610 $aNonlinear optimization$9KW:K 610 $aOptimization$9KW:K 610 $aProgramming$9KW:K 620 $aNL$dDordrecht$3VANL000068 702 1$aYuan$bYa-xiang$3VANV253790$4340 712 $aKluwer $3VANV108116$4650 801 $aIT$bSOL$c20251107$gRICA 856 4 $uhttps://doi.org/10.1007/978-1-4613-3335-7$zE-book ? Accesso al full-text attraverso riconoscimento IP di Ateneo, proxy e/o Shibboleth 899 $aBIBLIOTECA DEL DIPARTIMENTO DI MATEMATICA E FISICA$1IT-CE0120$2VAN08 912 $fN 912 $aVAN00298438 950 $aBIBLIOTECA DEL DIPARTIMENTO DI MATEMATICA E FISICA$d08DLOAD e-Book 12771 $e08eMF12771 20251028 996 $aAdvances in Nonlinear Programming$94435292 997 $aUNICAMPANIA